Score 0/26 Timer 05:00
0 Plays Today
Scrambled Word Answer % Correct
DBE GUBBED BUG
97.9%
NEJU GBUJUNE BUG
92.4%
SHORE YFLHORSE FLY
91%
PAWSWASP
89.6%
DRE TANRED ANT
88%
LEAFFLEA
86.7%
KINTS GBUSTINK BUG
84.9%
SOQUOMITMOSQUITO
84.5%
HIPADAPHID
80.9%
BADUGLYLADYBUG
75.9%
BARZE FULTTERBYZEBRA BUTTERFLY
74.5%
LOWELY CATKEJYELLOW JACKET
73.5%
LEVTEV TNAVELVET ANT
72.9%
Scrambled Word Answer % Correct
OCHORCACKCOCKROACH
71.4%
PHRASESPORGGRASSHOPPER
62.5%
WARIGEEARWIG
59.1%
TEN GWENID LETEBENET WINGED BEETLE
54.2%
ISTONEUQ RKAM FLUTEBRYTQUESTION MARK BUTTERFLY
54.1%
CHOWNRIMINCHWORM
51%
KADDITYKATYDID
46.8%
CREXES BRUFTELTYXERCES BUTTERFLY
37.3%
LADMYSELFDAMSELFLY
34.6%
TIMERETTERMITE
33.5%
GRIPANY STAMINPRAYING MANTIS
32.4%
GRIDUNNEW HTMOUNDERWING MOTH
23.3%
AKO GRAGE THOMOAK EGGAR MOTH
15.8%
Remove Ads.
Support Sporcle.
Get the best of Sporcle when you Go Orange. This ad-free experience offers more features, more stats, and more fun while also helping to support Sporcle. Thank you for becoming a member.

You're not logged in!

Compare scores with friends on all Sporcle quizzes.
OR
Log In

Show Comments

Extras

Top Quizzes Today


Score Distribution

Your Account Isn't Verified!

In order to create a playlist on Sporcle, you need to verify the email address you used during registration. Go to your Sporcle Settings to finish the process.

Report this User

Report this user for behavior that violates our Community Guidelines.

Details: